MARC details
| 000 -LEADER |
| campo de control de longitud fija |
01390nam a2200277 a 4500 |
| 001 - NÚMERO DE CONTROL |
| campo de control |
1634350 |
| 003 - IDENTIFICADOR DE NÚMERO DE CONTROL |
| campo de control |
CoMeUDC |
| 005 - FECHA Y HORA DE LA ÚLTIMA TRANSACCIÓN |
| campo de control |
20230412151019.0 |
| 008 - DATOS DE LONGITUD FIJA--INFORMACIÓN GENERAL |
| campo de control de longitud fija |
190820s2018 ck ado gr 000 0 spa d |
| 020 ## - NÚMERO INTERNACIONAL ESTÁNDAR DEL LIBRO |
| Número Internacional Estándar del Libro |
9789587812336 |
| 040 ## - FUENTE DE CATALOGACIÓN |
| Centro catalogador/agencia de origen |
CO-BoBLA |
| Lengua de catalogación |
spa |
| Centro/agencia transcriptor |
CO-BoBLA |
| Centro/agencia modificador |
CO-UdeC |
| Normas de descripción |
AARC |
| -- |
ISBD |
| 082 04 - NÚMERO DE LA CLASIFICACIÓN DECIMAL DEWEY |
| Número de clasificación |
323 |
| Número de ítem |
U58 |
| 110 ## - ENTRADA PRINCIPAL--NOMBRE DE ENTIDAD CORPORATIVA |
| 9 (RLIN) |
2309 |
| Nombre de entidad corporativa o nombre de jurisdicción como elemento de entrada |
Pontificia Universidad Javeriana |
| 245 00 - MENCIÓN DEL TÍTULO |
| Título |
Informe sobre la calidad de la ciudadanía en Colombia 2018 / |
| Mención de responsabilidad, etc. |
Pontificia Universidad Javeriana, Registraduría Nacional del Estado Civil. |
| 260 ## - PUBLICACIÓN, DISTRIBUCIÓN, ETC. |
| Lugar de publicación, distribución, etc. |
Bogotá : |
| Nombre del editor, distribuidor, etc. |
Cifras & Conceptos, |
| -- |
Ediciones Berea, |
| Fecha de publicación, distribución, etc. |
2018. |
| 300 ## - DESCRIPCIÓN FÍSICA |
| Extensión |
220 p. : |
| Otras características físicas |
il, col. ; |
| Dimensiones |
28 cm. + |
| Material acompañante/anejo |
1 CD. |
| 504 ## - NOTA DE BIBLIOGRAFÍA, ETC. |
| Nota de bibliografía, etc. Nota |
Incluye referencias bibliográficas |
| 505 ## - NOTA DE CONTENIDO CON FORMATO |
| Nota de contenido con formato |
Participación de la firma de consultoría e investigación Cifras & Conceptos -- Introducción -- Estado de derecho y acceso a la justicia -- Vida política (participación política) -- Sociedad civil y participación no electoral -- Vida comunitaria -- Valores y calidad de la ciudadanía -- Conclusión |
| 530 ## - NOTA DISPONIBLE DE FORMULARIO FÍSICO ADICIONAL |
| Nota de formato físico adicional disponible |
El CD es complemento del libro. |
| 546 ## - NOTA DE IDIOMA |
| Nota de lengua/lenguaje |
Español |
| 650 ## - PUNTO DE ACCESO ADICIONAL DE MATERIA--TÉRMINO DE MATERIA |
| Término de materia o nombre geográfico como elemento de entrada |
Calidad de vida |
| Subdivisión general |
Percepción pública |
| Subdivisión geográfica |
Colombia |
| Subdivisión cronológica |
2018 |
| Subdivisión de forma |
Informes. |
| 650 #4 - PUNTO DE ACCESO ADICIONAL DE MATERIA--TÉRMINO DE MATERIA |
| Término de materia o nombre geográfico como elemento de entrada |
Necesidades sociales |
| Subdivisión geográfica |
Colombia |
| Subdivisión cronológica |
2018 |
| Subdivisión de forma |
Informes. |
| 651 #4 - PUNTO DE ACCESO ADICIONAL DE MATERIA--NOMBRE GEOGRÁFICO |
| Nombre geográfico |
Colombia |
| Subdivisión general |
Condiciones económicas |
| Subdivisión cronológica |
2018 |
| Subdivisión de forma |
Informes. |
| 700 ## - ENTRADA AGREGADA--NOMBRE PERSONAL |
| Nombre de persona |
Registraduría Nacional de Estado Civil |
| 9 (RLIN) |
2310 |
| 942 ## - ELEMENTOS DE ENTRADA SECUNDARIOS (KOHA) |
| Fuente del sistema de clasificación o colocación |
Clasificación Decimal Dewey |
| Tipo de ítem Koha |
Libros |